Statistics for Word Scramble - National Capitals and Countries

Click here to take the quiz!

General Stats

  • This quiz has been taken 57 times
  • The average score is 16 of 20

Answer Stats

Country / Capital% Correct
Algeria
100%
Amman
100%
Ankara
100%
Ashgabat
100%
Asunción
100%
Baghdad
100%
Bangkok
100%
Bangui
100%
Belize
100%
Belmopan
100%
Benin
100%
Bissau
100%
Bolivia
100%
Brasília
100%
Brazil
100%
Brunei
100%
Brussels
100%
Burundi
100%
Canberra
100%
Chad
100%
Comoros
100%
Conakry
100%
Damascus
100%
Denmark
100%
Dhaka
100%
Dili
100%
Djibouti
100%
Djibouti
100%
Dodoma
100%
Dominica
100%
Ecuador
100%
Funafuti
100%
Gambia
100%
Georgetown
100%
Guinea-Bissau
100%
Guyana
100%
Haiti
100%
Hanoi
100%
Harare
100%
Indonesia
100%
Iran
100%
Iraq
100%
Ireland
100%
Japan
100%
Kabul
100%
Kenya
100%
Kigali
100%
Kosovo
100%
Kyrgyzstan
100%
Lilongwe
100%
Lima
100%
Lisbon
100%
Lithuania
100%
London
100%
Lusaka
100%
Macedonia
100%
Malawi
100%
Mauritius
100%
Mexico
100%
Minsk
100%
Mogadishu
100%
Monaco
100%
Monrovia
100%
Montenegro
100%
Moscow
100%
Mozambique
100%
Muscat
100%
Myanmar
100%
Nairobi
100%
Nassau
100%
Nauru
100%
Naypyidaw
100%
Netherlands
100%
Nicaragua
100%
Nicosia
100%
Oman
100%
Ottawa
100%
Pakistan
100%
Palau
100%
Palikir
100%
Paraguay
100%
Paris
100%
Peru
100%
Poland
100%
Pyongyang
100%
Quito
100%
Reykjavík
100%
Riyadh
100%
Russia
100%
Santiago
100%
Sofia
100%
Spain
100%
Stockholm
100%
Sucre
100%
Sweden
100%
Switzerland
100%
Syria
100%
Taipei
100%
Tallinn
100%
Tokyo
100%
Ulaanbaatar
100%
Vaduz
100%
Vanuatu
100%
Vienna
100%
Vilnius
100%
Warsaw
100%
Wellington
100%
Windhoek
100%
Yamoussoukro
100%
Yaoundé
100%
Yemen
100%
Yerevan
100%
Zagreb
100%
Estonia
67%
Hungary
67%
Bridgetown
50%
Bulgaria
50%
Islamabad
50%
Niamey
50%
Pristina
50%
Abuja
0%
Accra
0%
Afghanistan
0%
Albania
0%
Algiers
0%
Amsterdam
0%
Andorra
0%
Angola
0%
Antananarivo
0%
Apia
0%
Argentina
0%
Armenia
0%
Asmara
0%
Astana
0%
Athens
0%
Australia
0%
Austria
0%
Azerbaijan
0%
Bahamas
0%
Bahrain
0%
Baku
0%
Bamako
0%
Bangladesh
0%
Banjul
0%
Barbados
0%
Basseterre
0%
Beijing
0%
Beirut
0%
Belarus
0%
Belgium
0%
Belgrade
0%
Berlin
0%
Bern
0%
Bhutan
0%
Bishkek
0%
Bloemfontein
0%
Bogotá
0%
Botswana
0%
Bratislava
0%
Brazzaville
0%
Bucharest
0%
Budapest
0%
Cairo
0%
Cambodia
0%
Cameroon
0%
Canada
0%
Caracas
0%
Castries
0%
Chile
0%
China
0%
Chișinău
0%
Colombia
0%
Copenhagen
0%
Cotonou
0%
Croatia
0%
Cuba
0%
Cyprus
0%
Dakar
0%
Doha
0%
Dublin
0%
Dushanbe
0%
Egypt
0%
Eritrea
0%
Ethiopia
0%
Fiji
0%
Finland
0%
France
0%
Freetown
0%
Gabon
0%
Gaborone
0%
Georgia
0%
Germany
0%
Ghana
0%
Gitega
0%
Greece
0%
Grenada
0%
Guatemala
0%
Guinea
0%
Havana
0%
Helsinki
0%
Honduras
0%
Honiara
0%
Iceland
0%
India
0%
Israel
0%
Italy
0%
Jakarta
0%
Jamaica
0%
Jerusalem
0%
Jordan
0%
Juba
0%
Kampala
0%
Kathmandu
0%
Kazakhstan
0%
Khartoum
0%
Kiev
0%
Kingston
0%
Kingstown
0%
Kinshasa
0%
Kiribati
0%
Kuwait
0%
Laos
0%
Latvia
0%
Lebanon
0%
Lesotho
0%
Liberia
0%
Libreville
0%
Libya
0%
Liechtenstein
0%
Ljubljana
0%
Lomé
0%
Luanda
0%
Luxembourg
0%
Luxembourg
0%
Madagascar
0%
Madrid
0%
Majuro
0%
Malabo
0%
Malaysia
0%
Maldives
0%
Malé
0%
Mali
0%
Malta
0%
Managua
0%
Manama
0%
Manila
0%
Maputo
0%
Maseru
0%
Mauritania
0%
Mbabane
0%
Moldova
0%
Monaco
0%
Mongolia
0%
Montevideo
0%
Morocco
0%
Moroni
0%
Namibia
0%
Nepal
0%
Ngerulmud
0%
Niger
0%
Nigeria
0%
Norway
0%
Nouakchott
0%
Oslo
0%
Ouagadougou
0%
Panama
0%
Paramaribo
0%
Philippines
0%
Podgorica
0%
Portugal
0%
Prague
0%
Praia
0%
Pretoria
0%
Qatar
0%
Rabat
0%
Riga
0%
Romania
0%
Rome
0%
Rwanda
0%
Samoa
0%
Sarajevo
0%
Senegal
0%
Seoul
0%
Serbia
0%
Seychelles
0%
Singapore
0%
Singapore
0%
Skopje
0%
Slovakia
0%
Slovenia
0%
Somalia
0%
Sudan
0%
Suriname
0%
Suva
0%
Swaziland
0%
Taiwan
0%
Tajikistan
0%
Tanzania
0%
Tashkent
0%
Tbilisi
0%
Tegucigalpa
0%
Tehran
0%
Thailand
0%
Thimphu
0%
Tirana
0%
Togo
0%
Tonga
0%
Tripoli
0%
Tunis
0%
Tunisia
0%
Turkey
0%
Turkmenistan
0%
Tuvalu
0%
Uganda
0%
Ukraine
0%
Uruguay
0%
Uzbekistan
0%
Valletta
0%
Venezuela
0%
Victoria
0%
Vientiane
0%
Vietnam
0%
Yaren
0%
Zambia
0%
Zimbabwe
0%

Score Distribution

Percentile by Number Answered

Percent of People with Each Score

Your Score History

You have not taken this quiz